Capitals Of Countries Bordering Zambia - Statistics

General Stats
  • This quiz has been taken 18 times
  • The average score is 6 of 8
Answer Stats
Capital % Correct
Harare
82%
Kinshasa
82%
Luanda
82%
Maputo
82%
Gaborone
71%
Lilongwe
71%
Dodoma
65%
Windhoek
65%
No matching quizzes found
Score Distribution
Percent of People with Each Score
Percentile by Number Answered
Your Score History
You have not taken this quiz